Géographie - Une lettre - Département - Statistiques

Statistiques générales
  • Ce quiz a été pris 71 fois
    53 depuis la dernière actualisation
  • Le résultat moyen est 14 sur 19
Statistiques - réponses
HINT ANSWER % Correct
Oie Oise
100%
Aine Aisne
98%
Gronde Gironde
98%
Tan Tarn
96%
An Ain
93%
Va Var
93%
Dôme Drôme
89%
Dobu Doubs
80%
Mane Marne
78%
Rue Eure
72%
Lreo Loire
72%
Emue Meuse
72%
Molles Moselle
65%
Leila Allier
63%
Natal Cantal
57%
Chanter Charente
52%
Redanse Ardennes
41%
Eire Isère
35%
Aigre Ariège
30%
Aucun quiz correspondant
Distribution des résultats
% des personnes avec chaque résultat
Percentile par nombre de réponses
Votre historique - résultats
Vous n’avez pas pris ce quiz depuis la dernière actualisation